000 00420nam a2200157Ia 4500
008 230718s9999 xx 000 0 und d
041 _aeng
082 _a621.382'2
_bLOI
100 _aLoizou P.C.
245 _aSpeech Enhancement Theory And Practice
260 _bTata Mc Graw Hill
300 _a608
_dRef 994 E ME (28803)
365 _cRs.
_b3874.00
700 _aLoizou P.C.
906 _dB:226019-Oct-2007
_cME ETC
999 _c317597
_d317597